[Event "FRA-chT U20 0304"]
[Site "France"]
[Date "2004.??.??"]
[Round "4"]
[White "Legendre, Erwann"]
[Black "Quilichini, Stephane"]
[Result "1-0"]
[WhiteElo "1850"]
[BlackElo "1199"]
[PlyCount "61"]
[EventDate "2003.11.??"]
[EventType "team-tourn"]
[EventRounds "11"]
[EventCountry "FRA"]
[SourceTitle "EXT 2005"]
[Source "ChessBase"]
[SourceDate "2004.11.15"]
[SourceVersion "1"]
[SourceVersionDate "2004.11.15"]
[SourceQuality "1"]
[WhiteTeam "Agneaux Saint Lo"]
[BlackTeam "AECE"]
[WhiteTeamCountry "FRA"]
[BlackTeamCountry "FRA"]

1. e4 e5 2. Nc3 Nc6 3. g3 Nf6 4. Bg2 Bc5 5. d3 0-0 6. Nge2 d6 7. 0-0 Bg4 8. Na4 Bd4 9. c3 Bc5 10. Nxc5 dxc5 11. f3 Be6 12. Be3 c4 13. d4 Ne7 14. dxe5 Nd7 15. f4 Bg4 16. h3 Bxe2 17. Qxe2 b5 18. Rad1 Qc8 19. h4 Rd8 20. Bh3 a5 21. e6 fxe6 22. Bxe6+ Kh8 23. f5 c6 24. Bb6 Qb7 25. Bxd8 Rxd8 26. Qd2 h6 27. f6 Ng6 28. fxg7+ Kxg7 29. Rf7+ Kg8 30. Rxd7+ Kh8 31. Qxh6# 1-0